000 00842nam a22001937a 4500
999 _c370753
_d370753
008 201130b ||||| |||| 00| 0 eng d
040 _bger
_cDE-2950
_erda
_aDE-2950
041 _ager
100 _aMahlke, Lisa.
245 _aWahlkreis-Kandiaten stehender MOZ Rede und Antwort.
_bBundestagswahl: Tesla, Klima, Corona und das Ende der Amtszeit von Angela Merkel - das sind nur einige der Themen, die die Menschen im Bundestagswahlkereis Oder-Spree /Frankfurt (Oder) beschäftigen .../
_cLisa Mahlke
264 _c2021
653 _aFrankfurt (Oder)
653 _aBundestagswahlen 2021
773 _dFrankfurt (Oder): Märkisches Verlags- und Druckhaus GmbH & Co KG
_g32. Jahrgang (2021) Nr. 198 vom 26.08.2021, S. 16: Foto
_tMärkische Oderzeitung
942 _cA